Normal view
MARC view
Entry Personal Name
001 - CONTROL NUMBER
- control field: 842
003 - CONTROL NUMBER IDENTIFIER
- control field: HDC
005 - DATE AND TIME OF LATEST TRANSACTION
- control field: 20230624073104.0
008 - FIXED-LENGTH DATA ELEMENTS
- fixed length control field: 201220|| aca||aabn | a|a d
040 ## - CATALOGING SOURCE
- Original cataloging agency: HDC
- Transcribing agency: HDC
100 ## - HEADING--PERSONAL NAME
- Personal name: Yoel Wibowo
670 ## - SOURCE DATA FOUND
- Source citation: Work cat.: (HDC): Serli Wijaya, author 836, Restaurant Management’s Perspective on Halal Certification: An Exploratory Study in Surabaya, Indonesia /, 2018
